Meilleurs Joueurs de Tennis - Statistiques

Statistiques générales
  • Ce quiz a été pris 1 701 fois
  • Le résultat moyen est 13 sur 30
Statistiques - réponses
Nombre de titres Joueurs % Correct
20 Federer
99%
17 Nadal
99%
15 Djokovic
98%
3 Murray
74%
14 Sampras
73%
8 Agassi
71%
11 Borg
71%
3 Wawrinka
67%
7 McEnroe
63%
8 Lendl
53%
6 Becker
47%
8 Connors
43%
6 Edberg
40%
3 Kuerten
38%
7 Wilander
37%
2 Hewitt
35%
5 Laver
35%
2 Safin
34%
4 Courier
31%
2 Nastase
22%
3 Ashe
20%
2 Rafter
18%
4 Vilas
18%
2 Kafelnikov
17%
5 Newcombe
17%
2 Bruguera
15%
4 Rosewall
12%
2 Smith
11%
3 Kodes
5%
2 Kriek
5%
Aucun quiz correspondant
Distribution des résultats
% des personnes avec chaque résultat
Percentile par nombre de réponses
Votre historique - résultats
Vous n’avez pas pris ce quiz